000 00453nam a2200169Ia 4500
003 LK-CoDNM
005 20240730152013.0
008 010623t1961 xxu||||| |||| 00| 1 eng d
040 _aLK-CoDNM
_dLK-CoDNM
_eLK-CoDNM
041 _aeng
080 _a8
_bJJ43
100 _aKaplan,Bert.
245 _aStudying Personality Cross-Culturally
260 _bHarper and Row
_aNew York,Evanston and London
_c1961
300 _bix, 687p. : 23 cm
942 _cBK
999 _c105616
_d105616